01132nam a2200193Ia 4500001000900000003001000009008004100019040002500060041001300085100002500098245003800123250001100161260009100172300001200263500025400275501011400529520025400643650004100897L149-992IT-CnALBA170116s9999||||xx |||||||||||||| ||und|| aIT-CnALBAcIT-CnALBA aITALIANO aCATHREIN VIKTOR, SJ. 0aFILOSOFIA MORALE GENERALE VOL. I  a5a ed. a FIRENZEbFIORENTINA LIBRERIA EDITRICE c1913 [1° Ed.:1913 - Ed.Ling.Originale: 1913] a680 p.  aCURATORE TOMMASI ENRICO. FILOSOFIA MORALE: CONCETTO FONTI METODO STORIA DIVISIONE. NATURA DELL'UOMO E AZIONI SECONDO L'ASPETTO FISICO. FINE DELL'UOMO. NORMA DEL BENE MORALE. BONTÀ MORALE SOGGETTIVA. LEGGE NATURALE. COSCIENZA COLPA MERITO DIRITTO.  aSocietà San Paolo EM - Piazza San Paolo, 14 - 12051 ALBA (CN) (non commercial uses only) ® Copyright 2017 aCURATORE TOMMASI ENRICO. FILOSOFIA MORALE: CONCETTO FONTI METODO STORIA DIVISIONE. NATURA DELL'UOMO E AZIONI SECONDO L'ASPETTO FISICO. FINE DELL'UOMO. NORMA DEL BENE MORALE. BONTÀ MORALE SOGGETTIVA. LEGGE NATURALE. COSCIENZA COLPA MERITO DIRITTO.  aALTRI SISTEMI E DOTTRINE FILOSOFICHE